[Event "XVII Open"]
[Site "Montcada i Reixac ESP"]
[Date "2009.06.29"]
[Round "4"]
[White "Munoz Pantoja,M"]
[Black "Cornette,M"]
[Result "0-1"]
[WhiteElo "2447"]
[BlackElo "2573"]
[EventDate "2009.06.26"]

1. e4 e6 2. g3 d5 3. Bg2 dxe4 4. Bxe4 Nf6 5. Bg2 Bc5 6. Nf3 Nc6 7. O-O O-O
8. d3 e5 9. Nc3 h6 10. Re1 Bf5 11. Be3 Bb4 12. a3 Bd6 13. d4 e4 14. Nd2 Re8
15. Nc4 Qd7 16. f3 exf3 17. Bxf3 Ng4 18. Qd2 Bf8 19. Rad1 Rad8 20. Kh1 a6
21. Qg2 Nxd4 22. Bd5 Nxc2 23. Bf2 Nxe1 24. Rxe1 Rxe1+ 25. Bxe1 Qe8 26. Bd2
Bc5 27. h3 Nf2+ 28. Kh2 c6 29. Na5 cxd5 30. Nxb7 Be4 31. Qf1 d4 0-1

[Event "XVII Open"]
[Site "Montcada i Reixac ESP"]
[Date "2009.06.29"]
[Round "4"]
[White "Narciso Dublan,M"]
[Black "Asis Gargatagli,H"]
[Result "1-0"]
[WhiteElo "2534"]
[BlackElo "2430"]
[EventDate "2009.06.26"]

1. d4 Nf6 2. c4 e6 3. Nc3 Bb4 4. Qc2 d5 5. a3 Bxc3+ 6. Qxc3 Ne4 7. Qc2 Nc6
8. Nf3 e5 9. e3 Bf5 10. Qb3 O-O 11. cxd5 Na5 12. Qa2 exd4 13. Nxd4 Bg6 14.
Be2 c5 15. dxc6 bxc6 16. b4 c5 17. bxc5 Nc3 18. Qb2 Nxe2 19. Qxe2 Rb8 20.
O-O Nb3 21. Ra2 Nxd4 22. exd4 Qxd4 23. Be3 Qa4 24. h3 Qb3 25. Rd1 Rfe8 26.
Raa1 h6 27. Qa2 Qa4 28. Rd4 Qa5 29. Rc1 Rbc8 30. Rd7 Qa4 31. Rd4 Qa5 32.
Rd7 Qa4 33. Rcd1 Rxe3 34. fxe3 Rxc5 35. R1d4 Qa5 36. Kh2 Rc3 37. Qf2 Rxa3
38. Re4 Ra2 39. Qf3 Qc3 40. Re8+ Kh7 41. Qa8 Bf5 42. Rxf7 Qd3 43. Qf3 Qd6+
44. Qf4 Qg6 45. Rxg7+ Kxg7 46. Qe5+ Qf6 47. Rg8+ 1-0

[Event "XVII Open"]
[Site "Montcada i Reixac ESP"]
[Date "2009.06.29"]
[Round "4"]
[White "Almeida Quintana,O"]
[Black "Vehi Bach,V"]
[Result "1/2-1/2"]
[WhiteElo "2521"]
[BlackElo "2393"]
[EventDate "2009.06.26"]

1. d4 Nf6 2. c4 e6 3. Nf3 d5 4. Nc3 Bb4 5. cxd5 exd5 6. Bg5 O-O 7. Rc1 c6
8. e3 Re8 9. Bd3 Nbd7 10. O-O Be7 11. Qc2 h6 12. Bf4 Nb6 13. Ne5 Bd6 14. h3
Qe7 15. Bh2 Be6 16. f4 Rac8 17. g4 c5 18. Qg2 Red8 19. g5 hxg5 20. fxg5
Nfd7 21. Rf2 cxd4 22. exd4 Nxe5 23. Bxe5 Bxe5 24. dxe5 d4 25. Ne2 Rxc1+ 26.
Nxc1 Qc5 27. Ne2 Qxe5 28. g6 Nd5 29. gxf7+ Bxf7 30. Qg4 Nf6 31. Qh4 Rd5 32.
Kf1 Qe3 33. Qg3 Qxg3 34. Nxg3 Re5 35. Re2 Rg5 36. Ne4 Rf5+ 37. Ke1 Rf3 38.
Kd2 Nxe4+ 39. Rxe4 Rxh3 40. Rxd4 Bxa2 41. Rd8+ Kf7 42. Rd7+ Kf6 43. Rxb7 a5
44. b4 axb4 45. Rxb4 Rh2+ 46. Be2 Be6 47. Ke3 g5 48. Bf3 Ke5 1/2-1/2

[Event "XVII Open"]
[Site "Montcada i Reixac ESP"]
[Date "2009.06.29"]
[Round "4"]
[White "Oms Fuentes,L"]
[Black "Panchanathan,M"]
[Result "0-1"]
[WhiteElo "2348"]
[BlackElo "2462"]
[EventDate "2009.06.26"]

1. e4 e5 2. Nf3 Nc6 3. d4 exd4 4. Nxd4 Nf6 5. Nxc6 bxc6 6. e5 Qe7 7. Qe2
Nd5 8. c4 Ba6 9. g3 g6 10. b3 Bg7 11. Bb2 O-O 12. Bg2 Rae8 13. O-O Nb6 14.
Re1 f6 15. Qd2 fxe5 16. Qa5 Qf7 17. Rf1 Bxc4 18. bxc4 Nxc4 19. Qxc7 Nxb2
20. Nd2 d5 21. Qxc6 e4 22. Rab1 Rc8 23. Qb5 Rc2 0-1

[Event "XVII Open"]
[Site "Montcada i Reixac ESP"]
[Date "2009.06.29"]
[Round "4"]
[White "Bacallao,Y"]
[Black "Cruz,Cr"]
[Result "1/2-1/2"]
[WhiteElo "2438"]
[BlackElo "2544"]
[EventDate "2009.06.26"]

1. Nf3 e6 2. b3 c5 3. Bb2 b6 4. c4 Bb7 5. e3 Nf6 6. Nc3 Be7 7. Be2 O-O 8.
O-O d5 9. cxd5 exd5 10. d4 Nbd7 11. Rc1 Rc8 12. dxc5 bxc5 13. Rc2 Qb6 14.
Rd2 Bc6 15. Bd3 Rcd8 16. Bb1 Rfe8 17. Qc2 g6 18. Ne2 Qb7 19. Ng3 Bf8 20.
Rc1 d4 21. Nxd4 Bxg2 22. Nde2 Ne5 23. Bxe5 Rxd2 24. Qxd2 Rxe5 25. Qd8 Kg7
26. Nf4 Bc6 27. Qd2 Qe7 28. Rc4 h5 29. Qc3 Kg8 30. Bxg6 h4 31. Nf5 Qd7 32.
Qc2 fxg6 33. Nxh4 Rg5+ 34. Kf1 Bb5 35. Nf3 Rf5 36. Nh4 Rxf4 37. Qxg6+ Qg7
38. exf4 Qxg6 39. Nxg6 Nd5 40. Kg2 Bxc4 41. bxc4 Nb6 42. Ne5 Bd6 43. Kf3
Kg7 44. Ke4 a5 45. h4 Be7 46. h5 Bh4 47. Nd3 Nxc4 48. Kd5 Na3 49. Kxc5 Kh6
50. Kb6 Bd8+ 51. Ka6 Nc2 52. Kb5 Kxh5 53. Ne5 Nd4+ 54. Ka4 Ne2 55. Nc6 Bc7
56. Nxa5 Nc3+ 57. Kb4 Nxa2+ 58. Kb3 Bxa5 1/2-1/2

[Event "XVII Open"]
[Site "Montcada i Reixac ESP"]
[Date "2009.06.29"]
[Round "4"]
[White "Gonzalez Rodriguez,JA"]
[Black "Moskalenko,V1"]
[Result "1-0"]
[WhiteElo "2407"]
[BlackElo "2528"]
[EventDate "2009.06.26"]

1. c4 g6 2. Nc3 Bg7 3. g3 e5 4. Bg2 d6 5. e3 f5 6. Nge2 Nf6 7. d3 Nc6 8.
Nd5 O-O 9. O-O Ne7 10. e4 c6 11. Nxf6+ Bxf6 12. Bh6 Bg7 13. Bxg7 Kxg7 14.
d4 f4 15. gxf4 exf4 16. f3 g5 17. Qd2 Ng6 18. b4 Be6 19. d5 cxd5 20. Nd4
Bg8 21. cxd5 Ne5 22. Bh3 Kh8 23. Rac1 Qf6 24. Bf5 Rae8 25. Rc7 Re7 26. Rxe7
Qxe7 27. Kg2 Bf7 28. Rc1 Bg6 29. Bxg6 Nxg6 30. Ne6 Rg8 31. Rc7 Qf6 32. Qc3
Ne5 33. Rc8 h5 34. Rxg8+ Kxg8 35. Qc8+ Kh7 36. Qd8 Kg6 37. Qg8+ Kh6 38. Nd4
1-0

[Event "XVII Open"]
[Site "Montcada i Reixac ESP"]
[Date "2009.06.29"]
[Round "4"]
[White "Van Riemsdijk,H"]
[Black "Cuartas,Ja"]
[Result "0-1"]
[WhiteElo "2375"]
[BlackElo "2518"]
[EventDate "2009.06.26"]

1. e4 c6 2. c4 e5 3. Nf3 Nf6 4. Nxe5 d6 5. Nf3 Nxe4 6. Nc3 Nf6 7. d4 Be7 8.
Bd3 O-O 9. h3 d5 10. O-O dxc4 11. Bxc4 Nbd7 12. Bf4 Nb6 13. Bb3 Nfd5 14.
Be5 Bf5 15. a3 Re8 16. Re1 Bf8 17. Qd2 Qd7 18. Bg3 f6 19. Rxe8 Rxe8 20. Re1
Rxe1+ 21. Qxe1 Be6 22. Ne4 Bf7 23. Nc5 Qc8 24. Qa5 a6 25. Qe1 Nd7 26. Ne4
Qe8 27. Nd6 Qxe1+ 28. Nxe1 Bxd6 29. Bxd6 N5b6 30. Bc2 Nc4 31. Bc7 Nf8 32.
Bf5 Be6 33. Be4 Nxb2 34. Nd3 Nxd3 35. Bxd3 g6 36. f3 b5 37. Kf2 Bd5 38. Ke3
Ne6 39. Bb6 f5 40. g3 Kf7 41. f4 h5 42. h4 Ke7 43. Bc5+ Kd7 44. Bc2 a5 45.
Bb6 a4 46. Kd2 Be4 47. Bd1 Ng7 48. Bc5 Ne8 49. Be2 Nc7 50. Bf1 Ke6 51. Be2
Nd5 52. Bf1 Nf6 53. Be2 Kd5 54. Ke3 Bh1 55. Bd3 Ng4+ 56. Kd2 Be4 57. Be2
Nf2 58. Ke3 Nh1 59. Bd1 Nxg3 60. Be2 Bg2 61. Bd3 Bf1 62. Bb1 Bc4 63. Bc2
Nf1+ 64. Kf2 Nh2 65. Bd1 Ng4+ 66. Bxg4 hxg4 67. Ke3 Bf1 0-1

[Event "XVII Open"]
[Site "Montcada i Reixac ESP"]
[Date "2009.06.29"]
[Round "4"]
[White "Sundararajan,K"]
[Black "Sachdev,T"]
[Result "1/2-1/2"]
[WhiteElo "2487"]
[BlackElo "2423"]
[EventDate "2009.06.26"]

1. Nf3 Nf6 2. g3 c5 3. Bg2 e6 4. c4 d5 5. cxd5 Nxd5 6. O-O Be7 7. Nc3 Nc6
8. d4 cxd4 9. Nxd4 Nxd4 10. Qxd4 Bf6 11. Qa4+ Bd7 12. Qb3 Nxc3 13. bxc3 Bc6
14. Bxc6+ bxc6 15. Ba3 Be7 16. Rfd1 Qc7 17. Bxe7 Qxe7 18. Qc4 Rc8 19. Rd2
O-O 20. Rad1 Qb7 21. Rd7 Rc7 22. Rd8 Rc8 23. R8d6 h6 24. a4 Qb6 25. Kg2 Rc7
26. R1d4 Rcc8 27. Qd3 Qa5 28. Rd7 c5 29. Rf4 Rc7 30. Rd8 Rb7 31. Rxf8+ Kxf8
32. Qe4 Re7 33. Qh7 f6 34. Qh8+ Kf7 35. Rg4 g5 36. Qh7+ Ke8 37. Qg6+ Rf7
38. Re4 Ke7 39. Qxh6 Qxc3 40. Qh8 Qd2 41. Qa8 Qd7 42. Rc4 Qc7 43. Qe4 Rf8
44. Qh7+ Rf7 45. Qc2 Kd6 46. Qd3+ Ke7 47. f3 Qc6 48. Qe3 Kd6 49. Re4 Qd5
50. Qc3 e5 51. Qa5 Rc7 52. Qa6+ Ke7 53. h4 f5 54. Rc4 1/2-1/2

[Event "XVII Open"]
[Site "Montcada i Reixac ESP"]
[Date "2009.06.29"]
[Round "4"]
[White "Arun Prasad,S"]
[Black "Dominguez Pons,E"]
[Result "1-0"]
[WhiteElo "2552"]
[BlackElo "2210"]
[EventDate "2009.06.26"]

1. d4 d5 2. c4 c6 3. Nf3 Nf6 4. e3 e6 5. b3 Nbd7 6. Bb2 Bd6 7. Bd3 O-O 8.
O-O Ne4 9. Qc2 f5 10. Ba3 Bxa3 11. Nxa3 Qe7 12. Nb1 g5 13. Ne1 e5 14. f3
exd4 15. exd4 Nd6 16. c5 Qe3+ 17. Qf2 Qxf2+ 18. Rxf2 Ne8 19. Nc3 b5 20. Nc2
a5 21. b4 axb4 22. Nxb4 Bb7 23. Ncxd5 cxd5 24. c6 Ra4 25. Rb2 Nd6 26. cxb7
Rb8 27. Bc2 Rxb7 28. Bxa4 bxa4 29. Nd3 Rc7 30. Rc1 Rc4 31. Rb4 1-0

[Event "XVII Open"]
[Site "Montcada i Reixac ESP"]
[Date "2009.06.30"]
[Round "5"]
[White "Cornette,M"]
[Black "Narciso Dublan,M"]
[Result "1-0"]
[WhiteElo "2573"]
[BlackElo "2534"]
[EventDate "2009.06.26"]

1. e4 e6 2. Nf3 d5 3. Nc3 Nf6 4. e5 Nfd7 5. d4 Be7 6. h4 c5 7. dxc5 Nc6 8.
Bf4 Nxc5 9. a3 f6 10. Bd3 fxe5 11. Nxe5 O-O 12. Bg3 Nxe5 13. Bxe5 Qb6 14.
Qe2 Qxb2 15. Bxh7+ Kxh7 16. Nxd5 Qxe5 17. Qxe5 Rf5 18. Qc7 Rxd5 19. Qxe7
Bd7 20. h5 Re5+ 21. Kf1 1-0

[Event "XVII Open"]
[Site "Montcada i Reixac ESP"]
[Date "2009.06.30"]
[Round "5"]
[White "Panchanathan,M"]
[Black "Llaneza Vega,M"]
[Result "1-0"]
[WhiteElo "2462"]
[BlackElo "2522"]
[EventDate "2009.06.26"]

1. Nf3 c5 2. g3 Nc6 3. Bg2 g6 4. c4 Bg7 5. O-O Nh6 6. Nc3 Nf5 7. a3 O-O 8.
Rb1 a5 9. e3 e6 10. g4 Nh4 11. Nxh4 Qxh4 12. f4 d5 13. b3 Rd8 14. Qf3 Ne7
15. Na4 Ra6 16. Nxc5 Rc6 17. d4 dxc4 18. bxc4 b6 19. Nd3 Rxc4 20. Ne5 Rc2
21. Rxb6 Nd5 22. Rb2 Rc3 23. Bd2 Rxa3 24. Rc1 Ba6 25. Nc6 Rc8 26. Qf2 Qxf2+
27. Kxf2 Bf8 28. e4 Nb4 29. Nxb4 Rxc1 30. Nxa6 Rca1 31. Ke2 R1a2 32. Rxa2
Rxa2 33. e5 a4 34. d5 exd5 35. Bxd5 Rb2 36. Kd3 Rb6 37. Nc7 Ba3 38. f5 gxf5
39. gxf5 Kf8 40. f6 h5 41. Be3 1-0

[Event "XVII Open"]
[Site "Montcada i Reixac ESP"]
[Date "2009.06.30"]
[Round "5"]
[White "Cuartas,Ja"]
[Black "Almeida Quintana,O"]
[Result "1/2-1/2"]
[WhiteElo "2518"]
[BlackElo "2521"]
[EventDate "2009.06.26"]

1. e4 g6 2. d4 Bg7 3. Nf3 d6 4. Nc3 Nf6 5. Be2 Bg4 6. Be3 Nc6 7. O-O O-O 8.
h3 Bxf3 9. Bxf3 e5 10. dxe5 dxe5 11. Be2 Nd4 12. Bd3 c6 13. Ne2 Ne6 14. c3
Qe7 15. Qb3 b6 16. Rad1 Rfd8 17. f3 Nc5 18. Qa3 Bf8 19. Bc2 a5 20. b3 Qc7
21. Qb2 Ne6 22. b4 axb4 23. cxb4 c5 24. a3 cxb4 25. axb4 Bxb4 26. Qxb4 Qxc2
27. Rxd8+ Rxd8 28. Kf2 Nh5 29. Rc1 Qa2 30. Qb1 Ra8 31. Kf1 Qa6 32. Qxb6
Ng3+ 33. Kf2 Qxb6 34. Bxb6 Nxe2 35. Kxe2 Nf4+ 36. Kf1 Ra2 37. Be3 Kg7
1/2-1/2

[Event "XVII Open"]
[Site "Montcada i Reixac ESP"]
[Date "2009.06.30"]
[Round "5"]
[White "Vehi Bach,V"]
[Black "Gonzalez Rodriguez,JA"]
[Result "1/2-1/2"]
[WhiteElo "2393"]
[BlackElo "2407"]
[EventDate "2009.06.26"]

1. e4 e6 2. d4 d5 3. Nc3 Bb4 4. e5 b6 5. a3 Bxc3+ 6. bxc3 Qd7 7. Qg4 f6 8.
Nf3 Ba6 9. Bxa6 Nxa6 10. a4 O-O-O 11. h4 Kb7 12. h5 f5 13. Qg3 Nh6 14. Ng5
Nb8 15. Nh3 Rhg8 16. Nf4 Nc6 17. Ba3 Na5 18. Bb4 Nc4 19. a5 b5 20. a6+ Ka8
21. Ke2 Nf7 22. Nd3 Rb8 23. Qh4 Rbe8 24. Nc5 Qc8 25. g3 Nd8 26. Rag1 Nf7
27. Ra1 Nb6 28. Ra5 c6 29. Raa1 Nd7 30. Nb7 c5 31. Bxc5 Nxc5 32. dxc5 Nxe5
33. Qb4 Qc6 34. Na5 Qd7 35. Rab1 Rb8 36. Nb7 Nc4 37. Qxb5 Qc7 38. Rbe1 f4
39. Kf3 e5 40. Kg2 Rgc8 41. c6 Qxc6 42. Qxc6 Rxc6 43. gxf4 e4 44. Ra1 Nb6
45. Rh3 Rf8 46. Rg3 g6 47. hxg6 hxg6 48. Rh3 Rcf6 49. Rh4 Kb8 50. Rg4 Rxf4
51. Rxf4 Rxf4 52. Rh1 Kc7 53. Rh7+ Kc6 54. Nd8+ Kb5 55. Rxa7 Rf3 56. Ne6
Rxc3 57. Rc7 Rxc7 58. Nxc7+ Kc6 59. Ne6 Kd6 60. Nf8 g5 61. Nh7 Kc5 62. Nxg5
Kb5 63. a7 Ka6 64. f4 exf3+ 65. Kxf3 1/2-1/2

[Event "XVII Open"]
[Site "Montcada i Reixac ESP"]
[Date "2009.06.30"]
[Round "5"]
[White "Sachdev,T"]
[Black "Arun Prasad,S"]
[Result "1-0"]
[WhiteElo "2423"]
[BlackElo "2552"]
[EventDate "2009.06.26"]

1. d4 d5 2. c4 dxc4 3. Nf3 Nf6 4. e3 e6 5. Bxc4 c5 6. O-O a6 7. Bb3 b5 8.
a4 b4 9. Nbd2 Bb7 10. e4 Be7 11. Bc2 cxd4 12. e5 Nfd7 13. Nc4 Nc6 14. Bf4
Rc8 15. Rc1 O-O 16. Nxd4 Nxd4 17. Qxd4 Bc5 18. Qd3 g6 19. Nd6 Bxd6 20. Qxd6
Nc5 21. Be3 Qa5 22. Bxg6 hxg6 23. Bxc5 Qxa4 24. Qb6 Bd5 25. Bxf8 Rxf8 26.
Qd4 a5 27. Rfe1 Qb5 28. Re3 Qb7 29. Rg3 Rc8 30. Rxc8+ Qxc8 31. h4 Qc1+ 32.
Kh2 Kh7 33. h5 g5 34. Qa7 Qf4 35. Qxa5 g4 36. Qa7 Be4 37. Qd4 b3 38. Qd1
Bf5 39. Qxb3 Qxf2 40. Qc3 Qf1 41. Qe3 Qb5 42. b3 Qb8 43. Qf4 Qd8 44. h6 Kg6
45. b4 Qd5 46. Rxg4+ 1-0

[Event "XVII Open"]
[Site "Montcada i Reixac ESP"]
[Date "2009.06.30"]
[Round "5"]
[White "Cruz,Cr"]
[Black "Oms Fuentes,L"]
[Result "1/2-1/2"]
[WhiteElo "2544"]
[BlackElo "2348"]
[EventDate "2009.06.26"]

1. d4 f5 2. g3 Nf6 3. Bg2 g6 4. Nf3 Bg7 5. O-O O-O 6. c4 d6 7. Nc3 Nc6 8.
d5 Ne5 9. Nxe5 dxe5 10. Qb3 h6 11. Rd1 Kh8 12. Bd2 a6 13. Be1 Qe8 14. c5
Rb8 15. Qa3 e4 16. Rac1 e6 17. Qa5 exd5 18. Qxc7 Be6 19. e3 Rf7 20. Qa5 g5
21. Ne2 Ng4 22. Bc3 Ne5 23. Qb6 Nc6 24. Bxg7+ Kxg7 25. f3 Rd7 26. Nd4 Rc8
27. Qb3 Nxd4 28. Rxd4 Qe7 29. Qc3 Qf6 30. fxe4 fxe4 31. Rf1 Qe5 32. Bxe4 b6
33. c6 Rd6 34. Bb1 Rdxc6 35. Qd3 Bg8 36. Kg2 R8c7 37. h4 Rf6 38. hxg5 hxg5
39. Rxf6 Qxf6 40. Qf5 Qxf5 1/2-1/2

[Event "XVII Open"]
[Site "Montcada i Reixac ESP"]
[Date "2009.06.30"]
[Round "5"]
[White "Libiszewski,F"]
[Black "Mestre Bellido,H"]
[Result "1/2-1/2"]
[WhiteElo "2505"]
[BlackElo "2279"]
[EventDate "2009.06.26"]

1. e4 e5 2. Nf3 Nc6 3. Bc4 Bc5 4. c3 Nf6 5. d3 a6 6. O-O d6 7. Bb3 O-O 8.
Re1 Ba7 9. h3 Ne7 10. Nbd2 Ng6 11. Nf1 h6 12. Ng3 Nh7 13. d4 Qf6 14. Nh5
Qe7 15. Be3 Ng5 16. Nxg5 hxg5 17. dxe5 dxe5 18. Bxa7 Rxa7 19. Re3 Ra8 20.
Rd3 Nf4 21. Nxf4 gxf4 22. Qh5 Qf6 23. Rad1 Re8 24. R1d2 g6 25. Qd1 Qg5 26.
Kh2 Kg7 27. Qe2 Rh8 1/2-1/2

[Event "XVII Open"]
[Site "Montcada i Reixac ESP"]
[Date "2009.06.30"]
[Round "5"]
[White "Antoli Royo,J"]
[Black "Sundararajan,K"]
[Result "0-1"]
[WhiteElo "2416"]
[BlackElo "2487"]
[EventDate "2009.06.26"]

1. d4 Nf6 2. c4 e6 3. g3 c5 4. Nf3 cxd4 5. Nxd4 d5 6. Bg2 e5 7. Nf3 d4 8.
O-O Nc6 9. e3 Be7 10. exd4 exd4 11. Bf4 O-O 12. Ne5 Be6 13. b3 Rc8 14. Nd2
Qa5 15. Ndf3 Rfd8 16. a3 Nxe5 17. Bxe5 d3 18. Re1 Ng4 19. Bd4 Bf6 20. Bxf6
Nxf6 21. Re3 d2 22. Ra2 Nd5 23. Re5 f6 24. b4 Qc7 25. Rxd5 Bxd5 26. cxd5
Rxd5 27. Rxd2 Rxd2 28. Qxd2 Qc1+ 29. Bf1 Qxd2 30. Nxd2 Rc3 31. a4 Ra3 32.
Bc4+ Kf8 33. Bb3 Ra1+ 34. Kg2 Ke7 35. Kf3 Re1 36. a5 Kd6 37. Bc2 g6 38. Be4
Kc7 39. g4 Rh1 40. Nb3 f5 41. gxf5 gxf5 42. Bxf5 Rxh2 43. Kg3 Rh6 44. Nd4
Kd6 45. Bc8 Kd5 46. Nf5 Rf6 47. Bxb7+ Kc4 48. Kf4 Kxb4 49. a6 Kc5 50. Ke5
Rf8 51. f4 Re8+ 52. Kf6 Rf8+ 53. Ke6 h5 54. Bf3 h4 55. Bg4 Rg8 56. Bh3 Rg6+
57. Kf7 Rxa6 58. Bg4 Ra4 0-1

[Event "XVII Open"]
[Site "Montcada i Reixac ESP"]
[Date "2009.06.30"]
[Round "5"]
[White "Garcia Castro,P"]
[Black "Bacallao,Y"]
[Result "0-1"]
[WhiteElo "2373"]
[BlackElo "2438"]
[EventDate "2009.06.26"]

1. e4 c5 2. Nf3 d6 3. Be2 Nf6 4. d3 g6 5. O-O Bg7 6. Re1 O-O 7. Bf1 Nc6 8.
c3 Rb8 9. a3 b5 10. h3 e5 11. b4 a5 12. Bb2 Re8 13. bxa5 Qxa5 14. Nbd2 Qa4
15. d4 exd4 16. cxd4 cxd4 17. Nxd4 Nxd4 18. Qxa4 Nf3+ 19. gxf3 bxa4 20. Bd4
Be6 21. Nc4 d5 22. Nd6 Red8 23. e5 Nh5 24. Rab1 Nf4 25. Nb7 Rdc8 26. Nd6
Rf8 27. Rb4 Bxh3 28. Rxa4 Bxf1 29. Kxf1 Rb3 30. Ra5 Rd3 31. Ba1 h5 32. Re3
Rd1+ 33. Re1 Rxa1 34. Rxa1 Bxe5 35. Rb1 Bxd6 36. a4 Rc8 37. Ra6 Be5 38. a5
Rc2 39. Ra8+ Kg7 40. a6 Bd4 41. Kg1 Rxf2 42. Kh1 Rxf3 0-1

[Event "XVII Open"]
[Site "Montcada i Reixac ESP"]
[Date "2009.06.30"]
[Round "5"]
[White "Robles Garcia,C"]
[Black "Munoz Pantoja,M"]
[Result "1/2-1/2"]
[WhiteElo "2267"]
[BlackElo "2447"]
[EventDate "2009.06.26"]

1. e4 d5 2. exd5 Qxd5 3. Nc3 Qa5 4. Bc4 Nf6 5. d3 c6 6. Bd2 Qc7 7. Nge2 e6
8. Ng3 Be7 9. O-O O-O 10. Kh1 b5 11. Bb3 Bb7 12. f4 g6 13. Qe2 Re8 14. a4
a6 15. Nce4 Nbd7 16. Ng5 Nd5 17. c4 bxc4 18. dxc4 N5f6 19. Bc3 c5 20. Bc2
Bf8 21. Nh5 Be7 22. Ng3 Bd6 23. N5e4 Be7 24. Ng5 1/2-1/2

[Event "XVII Open"]
[Site "Montcada i Reixac ESP"]
[Date "2009.07.01"]
[Round "6"]
[White "Panchanathan,M"]
[Black "Cornette,M"]
[Result "1/2-1/2"]
[WhiteElo "2462"]
[BlackElo "2573"]
[EventDate "2009.06.26"]

1. Nf3 Nf6 2. g3 g6 3. Bg2 Bg7 4. O-O O-O 5. d4 d6 6. a4 a5 7. Re1 Nc6 8.
d5 Nb4 9. e4 e5 10. dxe6 Bxe6 11. c3 Na6 12. Nd4 Bd7 13. Na3 Nc5 14. Nab5
Re8 15. Qc2 Qb8 16. Bf4 Nh5 17. Be3 Nf6 18. Bf4 Nh5 19. Be3 Nf6 20. Bf4
1/2-1/2

[Event "XVII Open"]
[Site "Montcada i Reixac ESP"]
[Date "2009.07.01"]
[Round "6"]
[White "Narciso Dublan,M"]
[Black "Rojas Keim,L"]
[Result "1/2-1/2"]
[WhiteElo "2534"]
[BlackElo "2444"]
[EventDate "2009.06.26"]

1. c4 Nf6 2. Nc3 c5 3. g3 e6 4. Nf3 b6 5. Bg2 Bb7 6. O-O d6 7. d3 Be7 8. e4
O-O 9. Ng5 Nc6 10. f4 Qd7 11. Bh3 Nd4 12. Be3 h6 13. Nf3 Nxf3+ 14. Qxf3 Qc6
15. Bd2 d5 16. e5 Nh7 17. Bg2 Rad8 18. f5 Bg5 19. Bxg5 Nxg5 20. Qh5 Qc7 21.
h4 Nh7 22. fxe6 fxe6 23. Nb5 Qe7 24. Nd6 Ba8 25. Bh3 Rxf1+ 26. Rxf1 Rf8 27.
Rxf8+ Nxf8 28. Bg2 Bc6 29. Qg4 Qd7 1/2-1/2

[Event "XVII Open"]
[Site "Montcada i Reixac ESP"]
[Date "2009.07.01"]
[Round "6"]
[White "Fluvia Poyatos,Jor"]
[Black "Cuartas,Ja"]
[Result "1/2-1/2"]
[WhiteElo "2442"]
[BlackElo "2518"]
[EventDate "2009.06.26"]

1. e4 c6 2. d4 d5 3. Nc3 dxe4 4. Nxe4 Bf5 5. Ng3 Bg6 6. N1e2 Nf6 7. Nf4 e5
8. Nxg6 hxg6 9. dxe5 Qa5+ 10. Bd2 Qxe5+ 11. Qe2 Qxe2+ 12. Bxe2 Bc5 13. O-O
O-O 14. Rad1 Nbd7 15. b4 Bb6 16. Bf4 Rfe8 17. Bd6 Nf8 18. Bc4 Rad8 19. a4
Ne6 20. a5 Bd4 21. Bxe6 Rxd6 22. Bc4 Red8 23. Rd3 Kf8 24. Rfd1 Be5 25. Ne2
Rxd3 26. Bxd3 Bd6 27. c3 c5 28. bxc5 Bxc5 29. Ng3 Be7 30. Be2 Rxd1+ 31.
Bxd1 Bd8 32. Bf3 Bxa5 33. Bxb7 Bxc3 34. Ne4 Nxe4 35. Bxe4 a5 36. Bc2 Ke7
37. Kf1 Kd6 38. Bb3 f6 39. Ke2 g5 40. Kd3 Be1 41. f3 Ke5 42. h3 Kf4 43. Ke2
Bb4 44. Bc2 Ke5 45. Kd3 Kd5 46. Bb3+ Kc5 47. Bf7 a4 48. Be8 a3 49. Bf7 f5
50. Ba2 Kd6 51. Bb3 Ke5 52. Ba2 Kf4 53. Ke2 Bc5 54. Bb3 Bb6 55. Ba2 Ba5 56.
Bb3 g4 57. hxg4 fxg4 58. fxg4 Ke4 59. Kd1 Kd3 60. Kc1 Kc3 61. Be6 Bc7 62.
Kb1 Bd6 63. Ka2 Kd4 1/2-1/2

[Event "XVII Open"]
[Site "Montcada i Reixac ESP"]
[Date "2009.07.01"]
[Round "6"]
[White "Almeida Quintana,O"]
[Black "Sachdev,T"]
[Result "1/2-1/2"]
[WhiteElo "2521"]
[BlackElo "2423"]
[EventDate "2009.06.26"]

1. d4 Nf6 2. Nf3 e6 3. c4 b6 4. a3 Bb7 5. Nc3 d5 6. Bg5 dxc4 7. Qa4+ c6 8.
Qxc4 Be7 9. Bxf6 Bxf6 10. O-O-O O-O 11. e4 a5 12. Qb3 Ba6 13. Kb1 Nd7 14.
Bxa6 Rxa6 15. e5 Be7 16. Ne4 b5 17. h4 Nb6 18. Qc2 Nd5 19. Nfg5 g6 20. Nc5
Bxc5 21. dxc5 Qb8 22. f4 b4 23. h5 Ne3 24. Qb3 bxa3 25. Rd3 Nc4 26. Qxb8
Rxb8 27. hxg6 Kg7 28. gxh7 axb2 29. Nxf7 Kxf7 30. h8=Q Rxh8 31. Rxh8 a4 32.
Rb8 a3 33. Ka2 Ra5 34. Rb4 Rxc5 35. Rc3 Rd5 36. Rcxc4 Rd1 37. Kxa3 b1=Q 38.
Rxb1 Rxb1 39. Rxc6 Rg1 40. Rc2 Rf1 41. Rc7+ Kg6 42. g3 Rf3+ 43. Kb4 Rxg3
44. Kc5 Rd3 45. Kc6 Kf5 46. Rf7+ Ke4 47. Rd7 Ra3 48. Kd6 Ra6+ 49. Ke7 Kxf4
50. Kf6 Ke4 51. Rd6 Ra1 52. Rb6 Rh1 53. Rxe6 Rf1+ 54. Ke7 Ra1 55. Kf7 Kd5
56. Re7 Rf1+ 57. Kg7 Re1 1/2-1/2

[Event "XVII Open"]
[Site "Montcada i Reixac ESP"]
[Date "2009.07.01"]
[Round "6"]
[White "Sundararajan,K"]
[Black "Asis Gargatagli,H"]
[Result "1/2-1/2"]
[WhiteElo "2487"]
[BlackElo "2430"]
[EventDate "2009.06.26"]

1. d4 Nf6 2. c4 c5 3. d5 e6 4. Nc3 exd5 5. cxd5 d6 6. e4 g6 7. h3 Bg7 8.
Nf3 a6 9. a4 Nbd7 10. Bd3 Nh5 11. Bg5 Bf6 12. Be3 Ne5 13. Be2 Nxf3+ 14.
Bxf3 Ng7 15. O-O Be5 16. Qd2 O-O 17. Bf4 f6 18. Rfe1 Bd7 19. Bg4 Bxg4 20.
hxg4 h5 21. gxh5 Nxh5 22. Ne2 Rf7 23. Ra3 Rh7 24. Rh3 Nxf4 25. Nxf4 Bxf4
26. Qxf4 Rxh3 27. gxh3 Qe7 28. Re3 1/2-1/2

[Event "XVII Open"]
[Site "Montcada i Reixac ESP"]
[Date "2009.07.01"]
[Round "6"]
[White "Gonzalez Rodriguez,JA"]
[Black "Bacallao,Y"]
[Result "0-1"]
[WhiteElo "2407"]
[BlackElo "2438"]
[EventDate "2009.06.26"]

1. c4 Nf6 2. Nc3 g6 3. g3 Bg7 4. Bg2 O-O 5. Nf3 d5 6. cxd5 Nxd5 7. O-O Nc6
8. Nxd5 Qxd5 9. d3 Bg4 10. h3 Bxf3 11. Bxf3 Qd7 12. Bg2 Rfd8 13. Bf4 Nd4
14. Rc1 c6 15. b3 a5 16. Bd2 Qd6 17. Bc3 Ne6 18. Bxg7 Kxg7 19. Rc4 Kg8 20.
Qd2 Nd4 21. Rfc1 e5 22. h4 h5 23. Qb2 Ra7 24. e3 Ne6 25. Re4 Nc5 26. Rxc5
Qxc5 27. Rxe5 Qd6 28. d4 b6 29. d5 cxd5 30. Rxd5 Qf8 31. Rb5 Rd1+ 32. Kh2
Qd6 33. Qe2 Rd2 34. Qf3 Rc7 35. Bf1 Rcc2 36. Kg2 Rxa2 37. Bc4 Rxf2+ 38.
Qxf2 Rxf2+ 39. Kxf2 Kf8 40. Rd5 Qf6+ 41. Ke2 Ke7 42. e4 Qc3 43. Rd3 Qc2+
44. Rd2 Qxe4+ 45. Kf2 Kf8 46. Bd5 Qe5 47. Rd3 b5 48. Kf3 Qe1 49. Be4 a4 50.
bxa4 bxa4 51. Bd5 a3 52. Rxa3 Qh1+ 53. Kf2 Qxd5 54. Re3 f6 0-1

[Event "XVII Open"]
[Site "Montcada i Reixac ESP"]
[Date "2009.07.01"]
[Round "6"]
[White "Vehi Bach,V"]
[Black "Cruz,Cr"]
[Result "0-1"]
[WhiteElo "2393"]
[BlackElo "2544"]
[EventDate "2009.06.26"]

1. e4 c5 2. Nf3 d6 3. d4 Nf6 4. Nc3 cxd4 5. Nxd4 a6 6. h3 e6 7. g4 d5 8.
exd5 Nxd5 9. Nde2 Bb4 10. Bg2 O-O 11. O-O Nxc3 12. Nxc3 Qc7 13. Ne4 Bd7 14.
g5 Be7 15. Be3 Bc6 16. Qg4 Nd7 17. Rfd1 Kh8 18. Qg3 e5 19. Nc3 f5 20. f4
Bd6 21. Rf1 Rae8 22. Bxc6 Qxc6 23. Rad1 exf4 24. Bxf4 Qb6+ 25. Kh1 Bxf4 26.
Rxf4 Ne5 27. Na4 Qc7 28. Qc3 Qe7 29. Rg1 Ng6 30. Rd4 f4 31. Nb6 Qe6 32. Qb3
Qe2 33. Qd3 f3 34. Nd5 Qe6 35. Kh2 Qe5+ 36. Kh1 f2 37. Rf1 Qxg5 38. Rg4 Qh5
39. Rg3 Re1 0-1

[Event "XVII Open"]
[Site "Montcada i Reixac ESP"]
[Date "2009.07.01"]
[Round "6"]
[White "Cruz,F"]
[Black "Moskalenko,V1"]
[Result "1/2-1/2"]
[WhiteElo "2411"]
[BlackElo "2528"]
[EventDate "2009.06.26"]

1. Nf3 f5 2. g3 Nf6 3. Bg2 e6 4. O-O d5 5. d4 Bd6 6. c4 c6 7. b3 Qe7 8. Ne5
Nbd7 9. Nd3 O-O 10. Bb2 b6 11. Nd2 Bb7 12. Rc1 Ne4 13. Nf3 a5 14. a4 Rac8
15. e3 Rfd8 16. Qc2 c5 17. Qb1 Ndf6 18. Qa2 Rc7 19. Rc2 h6 20. Nfe5 Nd7 21.
cxd5 Bxe5 22. dxe5 Bxd5 23. Nf4 Nb8 24. f3 Ng5 25. h4 Nf7 26. e4 fxe4 27.
fxe4 Bb7 28. Rcf2 Nc6 29. Bh3 Bc8 30. Bc3 Nfxe5 31. Qe2 Nd4 32. Qh5 Qd6 33.
Ng6 Nxg6 34. Qxg6 e5 35. Qxd6 Rxd6 36. Bxd4 Bxh3 37. Bxe5 Bxf1 38. Bxd6 Rc6
39. Rf8+ Kh7 40. e5 Bh3 41. Re8 c4 42. bxc4 Rxc4 43. e6 Re4 44. e7 Bd7 45.
Rb8 Bxa4 46. Rxb6 1/2-1/2